Un Angelo Tra I Capelli La vera storia di una donna e di un incontro straordinario

Uloženo v:
Podrobná bibliografie
Hlavní autor: Lorna Byrne
Médium: Kniha
Jazyk:neznámý jazyk
Vydáno: Edizione Mondatori
Tagy: Přidat tag
Žádné tagy, Buďte první, kdo vytvoří štítek k tomuto záznamu!

MARC

LEADER 00000nam a2200000Ia 4500
001 R-475
003 CODICE-MESSINA
005 20260212102452.0
008 260211s9999 xx 000 0 und d
040 |c importazione_messina 
100 |a Lorna Byrne 
245 0 |a Un Angelo Tra I Capelli 
245 0 |b La vera storia di una donna e di un incontro straordinario 
260 |b Edizione Mondatori 
942 |2 ddc  |c BK 
952 |0 0  |1 0  |2 ddc  |4 0  |6 SCAFFALE_4_000000000000000__ROMANZI  |7 0  |9 31295  |a ME  |b ME  |d 2026-02-11  |l 0  |o SCAFFALE 4 - ROMANZI  |p R-475  |r 2026-02-11 23:52:27  |w 2026-02-11  |x [REVISIONARE]  |y BK 
999 |c 26959  |d 26959